|
|
|
|
| LEADER |
01005nam a2200265 a 4500 |
| 001 |
1651503 |
| 008 |
100705s1997 nyua 001 0 eng d |
| 010 |
|
|
|a 97004464
|
| 020 |
|
|
|a 0471180416 (alk. paper)
|
| 040 |
|
|
|a DLC
|c DLC
|d DLC
|d BD-DhAAL
|
| 082 |
0 |
0 |
|a 338.76105392
|a B
|2 21
|
| 100 |
1 |
|
|a Wallace, James,
|d 1947-
|
| 245 |
1 |
0 |
|a Overdrive :
|b Bill Gates and the race to control cyberspace /
|c James Wallace.
|
| 260 |
|
|
|a New York :
|b J. Wiley,
|c c1997.
|
| 300 |
|
|
|a xi, 307 p. :
|b ill. ;
|c 25 cm.
|
| 500 |
|
|
|a Includes index.
|
| 541 |
1 |
|
|e 00008019
|
| 600 |
1 |
0 |
|a Gates, Bill,
|d 1955-
|
| 610 |
2 |
0 |
|a Microsoft Corporation
|x History.
|
| 650 |
|
0 |
|a Businessmen
|z United States
|x Biography.
|
| 650 |
|
0 |
|a Computer software industry
|z United States
|x History.
|
| 852 |
4 |
|
|a Ayesha Abed Library
|j General shelf
|
| 942 |
0 |
0 |
|0 1
|
| 999 |
|
|
|c 9179
|d 9179
|
| 952 |
|
|
|0 0
|1 0
|2 ddc
|4 0
|6 338_761053920000000_WAL
|7 0
|9 11552
|a BRACUL
|b BRACUL
|c GEN
|d 2010-07-05
|l 11
|m 69
|o 338.76105392 WAL
|p 3010008019
|r 2022-02-28
|s 2020-01-20
|t 1
|w 2010-07-05
|y BK
|